| 000 | 01010nam a22003017a 4500 | ||
|---|---|---|---|
| 999 |
_c33020 _d33020 |
||
| 001 | 1899 | ||
| 003 | CO-MdFUSB | ||
| 005 | 20170929085547.0 | ||
| 008 | 170929t1954 xxu||||| |||| 00| 0 sp d | ||
| 040 |
_aCO-MdFUSB _bspa _cCO-MdFUSB _dCO-MdFUSBC _erda |
||
| 041 | 0 | _aspa | |
| 082 | 0 | 4 | _aG 224.06 Y31p |
| 100 | 1 |
_aYates, Kyle M. _eautor |
|
| 245 | 4 |
_aLos profetas del Antiguo Testamento _c/ Kyle M. Yates ; Simóm Corona, Traductor |
|
| 250 | _a2 | ||
| 264 | 4 |
_aEl Paso, TX., USA : _b Casa Bautista de Publicaciones, _c©1954 |
|
| 300 | _aXIV, 313 Pag | ||
| 336 |
_2rdacontent _atexto _btxt |
||
| 337 |
_2rdamedia _asin mediación _bn |
||
| 338 |
_2rdacarrier _avolumen _bnc |
||
| 500 | _aTítulo original : Preaching from the prophets | ||
| 650 | 7 |
_aVocación _9312 |
|
| 650 | 0 |
_aPredicación _954 |
|
| 653 | _aBiblia A.T. - Profetas - Oratoria sagrada (Homilética) | ||
| 653 | _aBiblia A.T. - Profetas - Introducciones | ||
| 653 | _aLibros proféticos (Antiguo Testamento) - Exégesis | ||
| 942 | _cBK | ||